| 000 -LEADER |
| fixed length control field |
01188 a2200229 4500 |
| 003 - CONTROL NUMBER IDENTIFIER |
| control field |
OSt |
| 005 - DATE AND TIME OF LATEST TRANSACTION |
| control field |
20241127152200.0 |
| 008 - FIXED-LENGTH DATA ELEMENTS--GENERAL INFORMATION |
| fixed length control field |
241127b ||||| |||| 00| 0 eng d |
| 020 ## - INTERNATIONAL STANDARD BOOK NUMBER |
| International Standard Book Number |
9789393385628 |
| Terms of availability |
Rs500.00 |
| 040 ## - CATALOGING SOURCE |
| Transcribing agency |
imukc |
| 041 ## - LANGUAGE CODE |
| Language code of text/sound track or separate title |
eng |
| 082 ## - DEWEY DECIMAL CLASSIFICATION NUMBER |
| Classification number |
623.87 |
| Item number |
G9775 |
| 100 ## - MAIN ENTRY--PERSONAL NAME |
| Personal name |
Gupta, Atul Kumar |
| 245 ## - TITLE STATEMENT |
| Title |
A text book of marine auxiliary systems and deck machinery / |
| Statement of responsibility, etc. |
Atul Kumar Gupta |
| 250 ## - EDITION STATEMENT |
| Edition statement |
1st ed. |
| 260 ## - PUBLICATION, DISTRIBUTION, ETC. |
| Place of publication, distribution, etc. |
New Delhi : |
| Name of publisher, distributor, etc. |
Bluerose Publishers, |
| Date of publication, distribution, etc. |
2024. |
| 300 ## - PHYSICAL DESCRIPTION |
| Extent |
209 p. : |
| Other physical details |
ill. ; |
| Dimensions |
23 cm. |
| 520 ## - SUMMARY, ETC. |
| Summary, etc. |
The book covers the syllabus of Marine Auxiliary Systems and Deck Machinery specified by Indian Maritime University for the fifth semester of B. Tech Marine Engineering Course. The book includes about 150 illustrations to provide clarification on the minute details of auxiliary machinery. Additionally, the book also provides answers to all the questions on the covered topics which have appeared in the exams conducted by Indian Maritime University. This book will surely help the students in passing the exam and work on ships auxiliary machinery safely. |
| 650 #0 - SUBJECT ADDED ENTRY--TOPICAL TERM |
| 9 (RLIN) |
2 |
| Topical term or geographic name entry element |
Marine Engineering |
|
| 9 (RLIN) |
198 |
| Topical term or geographic name entry element |
Marine Engines |
| 942 ## - ADDED ENTRY ELEMENTS (KOHA) |
| Source of classification or shelving scheme |
|
| Koha item type |
Books |